Jaffna: (Record no. 3039)

MARC details
000 -LEADER
fixed length control field 005540000a22001690004500
005 - DATE AND TIME OF LATEST TRANSACTION
control field 20231225201648.0
008 - FIXED-LENGTH DATA ELEMENTS--GENERAL INFORMATION
fixed length control field 230817t ||||| |||| 00| 0 eng d
082 ## - DEWEY DECIMAL CLASSIFICATION NUMBER
Classification number 323
Item number UNI
942 ## - ADDED ENTRY ELEMENTS (KOHA)
Item Type Reports
110 ## - MAIN ENTRY--CORPORATE NAME
Corporate Name The University teachers for human rights (Jaffna)
245 ## - TITLE STATEMENT
Title Jaffna:
Sub Title the contest between man & the beast within
260 ## - PUBLICATION, DISTRIBUTION, ETC. (IMPRINT)
Place of Publication Thirunelveli:
Name of Publisher The University teachers for human rights (Jaffna),
Date of Copyright 1996
300 ## - PHYSICAL DESCRIPTION
Extent 36 p.
856 ## - ELECTRONIC LOCATION AND ACCESS
Uniform Resource Identifier <a href="https://noolaham.net/project/868/86706/86706.pdf">https://noolaham.net/project/868/86706/86706.pdf</a>
490 ## - SERIES STATEMENT
Series statement special report No.7
650 ## - SUBJECT ADDED ENTRY--TOPICAL TERM
Topical Term HUMAN RIGHTS
Holdings
Withdrawn status Lost status Damaged status Not for loan Permanent location Current location Date acquired Total Checkouts Full call number Barcode Date last seen Price effective from Koha item type
        Resource center, Muslim Women's Research And Action Forum Resource center, Muslim Women's Research And Action Forum 2023-08-17   323 UNI RAF3862 2023-08-17 2023-08-17 Reports

Copyright © 2023 Muslim Women's Research and Action Forum (MWRAF), No 27/3, Anderson Road, Kalubowila, Dehiwela. Funded by The Asia Fundation